<?xml version='1.0' encoding='UTF-8'?>
  <record xmlns="http://www.loc.gov/MARC21/slim">
    <leader>00000cam a22000007i 4500</leader>
    <controlfield tag="001">ocm68020129</controlfield>
    <controlfield tag="003">OCoLC</controlfield>
    <controlfield tag="005">20241030065909.5</controlfield>
    <controlfield tag="008">980714s1542    fr            000 0 ger d</controlfield>
    <datafield tag="040" ind1=" " ind2=" ">
      <subfield code="a">NLGGC</subfield>
      <subfield code="b">eng</subfield>
      <subfield code="e">rda</subfield>
      <subfield code="e">dcrmr</subfield>
      <subfield code="c">NLGGC</subfield>
      <subfield code="d">QGJ</subfield>
      <subfield code="d">OCLCF</subfield>
      <subfield code="d">QGJ</subfield>
      <subfield code="d">OCL</subfield>
      <subfield code="d">OCLCO</subfield>
      <subfield code="d">OCLCL</subfield>
      <subfield code="d">QGJ</subfield>
    </datafield>
    <datafield tag="029" ind1="0" ind2=" ">
      <subfield code="a">NLGGC</subfield>
      <subfield code="b">171557247</subfield>
    </datafield>
    <datafield tag="035" ind1=" " ind2=" ">
      <subfield code="a">(OCoLC)68020129</subfield>
    </datafield>
    <datafield tag="245" ind1="0" ind2="0">
      <subfield code="a">Vrsach, Warumb von Gottes gnaden wir Johans Friderich Hertzog zů Sachsen, des Heiligen Römischen Reichs Ertzmarschalh vnd Churfürst, Landtgraue in Doringen, Marggraue zů Meissen, vnnd Burggraue zů Magdeburg. Vnd Philips Landtgraue zů Hessen, graue zů Catzenelnpogen &amp;c. In namen gemeiner verstendtnus, Die Stet Gosslar, vn[d] Braunschweigk vor dem grausamenn gewalt, Heinrichs, der sich nennet den Jüngern Hertzogen zů Braunschweig vnnd Lüneburg, beschirmen, schützen, vnnd retten müssen.</subfield>
    </datafield>
    <datafield tag="246" ind1="3" ind2=" ">
      <subfield code="a">Ursach, Warumb von Gottes gnaden wir Johans Friderich Hertzog zů Sachsen, des Heiligen Römischen Reichs Ertzmarschalh und Churfürst, Landtgrave in Doringen ... Die Stet Gosslar und Braunschweigk ... schützen und retten müssen</subfield>
    </datafield>
    <datafield tag="264" ind1=" " ind2="1">
      <subfield code="a">[Strasbourg] :</subfield>
      <subfield code="b">[Wendelin Rihel],</subfield>
      <subfield code="c">[1542]</subfield>
    </datafield>
    <datafield tag="300" ind1=" " ind2=" ">
      <subfield code="a">[24] leaves ;</subfield>
      <subfield code="c">21 cm (4to)</subfield>
    </datafield>
    <datafield tag="336" ind1=" " ind2=" ">
      <subfield code="a">text</subfield>
      <subfield code="b">txt</subfield>
      <subfield code="2">rdacontent</subfield>
    </datafield>
    <datafield tag="337" ind1=" " ind2=" ">
      <subfield code="a">unmediated</subfield>
      <subfield code="b">n</subfield>
      <subfield code="2">rdamedia</subfield>
    </datafield>
    <datafield tag="338" ind1=" " ind2=" ">
      <subfield code="a">volume</subfield>
      <subfield code="b">nc</subfield>
      <subfield code="2">rdacarrier</subfield>
    </datafield>
    <datafield tag="340" ind1=" " ind2=" ">
      <subfield code="m">4to</subfield>
      <subfield code="2">rdabf</subfield>
    </datafield>
    <datafield tag="500" ind1=" " ind2=" ">
      <subfield code="a">Publication statement taken from VD 16.</subfield>
    </datafield>
    <datafield tag="500" ind1=" " ind2=" ">
      <subfield code="a">Above title: "Perdis mendaces, sanguinarios, &amp; fraudulentos abominaris Domine."</subfield>
    </datafield>
    <datafield tag="500" ind1=" " ind2=" ">
      <subfield code="a">Signatures: A-F⁴.</subfield>
    </datafield>
    <datafield tag="500" ind1=" " ind2=" ">
      <subfield code="a">With intitals.</subfield>
    </datafield>
    <datafield tag="510" ind1="4" ind2=" ">
      <subfield code="a">Verzeichnis der im deutschen Sprachbereich erschienenen Drucke des 16. Jahrhunderts (VD 16),</subfield>
      <subfield code="c">ZV 21623</subfield>
      <subfield code="u">https://gateway-bayern.de/VD16+ZV+21623</subfield>
    </datafield>
    <datafield tag="600" ind1="0" ind2="0">
      <subfield code="a">Johann Friedrich</subfield>
      <subfield code="b">I,</subfield>
      <subfield code="c">Kurfürst von Sachsen,</subfield>
      <subfield code="d">1503-1554.</subfield>
    </datafield>
    <datafield tag="600" ind1="0" ind2="0">
      <subfield code="a">Philipp</subfield>
      <subfield code="b">I,</subfield>
      <subfield code="c">Landgraf von Hessen,</subfield>
      <subfield code="d">1504-1567.</subfield>
    </datafield>
    <datafield tag="600" ind1="0" ind2="0">
      <subfield code="a">Heinrich,</subfield>
      <subfield code="c">der Jüngere, Duke of Brunswick-Wolfenbüttel,</subfield>
      <subfield code="d">1489-1568.</subfield>
    </datafield>
    <datafield tag="600" ind1="0" ind2="7">
      <subfield code="a">Philipp</subfield>
      <subfield code="b">I,</subfield>
      <subfield code="c">Landgraf von Hessen,</subfield>
      <subfield code="d">1504-1567</subfield>
      <subfield code="2">fast</subfield>
      <subfield code="1">https://id.oclc.org/worldcat/entity/E39PBJyH3tth4vp4R3yMQkdCwC</subfield>
    </datafield>
    <datafield tag="600" ind1="0" ind2="7">
      <subfield code="a">Johann Friedrich</subfield>
      <subfield code="b">I,</subfield>
      <subfield code="c">Kurfürst von Sachsen,</subfield>
      <subfield code="d">1503-1554</subfield>
      <subfield code="2">fast</subfield>
      <subfield code="1">https://id.oclc.org/worldcat/entity/E39PBJy8pJ6vFwp39Mk4h3V6Kd</subfield>
    </datafield>
    <datafield tag="600" ind1="0" ind2="7">
      <subfield code="a">Heinrich,</subfield>
      <subfield code="c">der Jüngere, Duke of Brunswick-Wolfenbüttel,</subfield>
      <subfield code="d">1489-1568</subfield>
      <subfield code="2">fast</subfield>
      <subfield code="1">https://id.oclc.org/worldcat/entity/E39PBJfMmg3TKJqqVMhYvRcgKd</subfield>
    </datafield>
    <datafield tag="700" ind1="1" ind2=" ">
      <subfield code="a">Rihel, Wendelin,</subfield>
      <subfield code="e">printer.</subfield>
      <subfield code="4">prt</subfield>
      <subfield code="1">https://id.oclc.org/worldcat/entity/E39PBJy49hpB6KWVy7JffRdhHC</subfield>
    </datafield>
    <datafield tag="752" ind1=" " ind2=" ">
      <subfield code="a">France</subfield>
      <subfield code="d">Strasbourg,</subfield>
      <subfield code="e">publication place.</subfield>
      <subfield code="4">pup</subfield>
    </datafield>
    <datafield tag="758" ind1=" " ind2=" ">
      <subfield code="i">has work:</subfield>
      <subfield code="a">Ursach, warumb von Gottes Gnaden wir Johans Friderich Hertzog zů Sachsen ... und Philips Landtgrave zů Hessen ... in Namen gemeiner Verstendtnus, die Stet Gosslar, und Braunschweigk vor dem grausamenn Gewalt Heinrichs, der sich nennet den Jüngern Hertzogen zů Braunschweig unnd Lüneburg, beschirmen, schützen, unnd retten müssen (Text)</subfield>
      <subfield code="1">https://id.oclc.org/worldcat/entity/E39PCGX67dvvHWCDt7CKKBRmMP</subfield>
      <subfield code="4">https://id.oclc.org/worldcat/ontology/hasWork</subfield>
    </datafield>
  </record>